Dzurinda: O budúcnosti koalície sa rozhodne v septembri

Bibliographic Details
Main Author: Živnerová, Lenka (Author)
Format: Article
Language:Slovak
PhysicalDescription:Fotogr.
ISSN:1335-4671
Subjects:

MARC

LEADER 00000nab a2200000 a 4500
001 vtls000847255
003 SK-MaSNL
005 20260302164310.0
008 180206c2003 xo 0 slo
015 |a SNBRB2003/10-27293 
035 |a CLN000198910 
040 |a SNKBUCL  |b slo  |c SNKBUCL  |e AACR2 
041 0 |a slo 
044 |a xo  |c SK 
080 |a 329.051(437.6)  |2 UDC-MRF-SK2 
100 1 |a Živnerová, Lenka  |4 aut  |9 839082 
245 1 0 |a Dzurinda: O budúcnosti koalície sa rozhodne v septembri  |c Lenka Živnerová 
300 |b Fotogr. 
650 0 7 |a strany politické vládne  |z Slovensko  |x rozpory vnútorné  |2 snkbucl  |9 846765 
655 7 |a články z novín a časopisov  |2 snkbucl  |9 267496 
773 0 |x 1335-4671  |t Národná obroda  |g Roč. 14, č. 180 (6.8.2003), s. 2 
850 |a Slovenská národná knižnica v Martine 
852 |a SNK  |b KIS3GCP 
958 |a RBX 
999 |c 1386244  |d 1388174